Music Trivia: Pictures of Musicians - Statistics

General Stats
  • This quiz has been taken 382 times
  • The average score is 10 of 15
Answer Stats
Picture Answer % Correct
Elvis Presley
94%
John Lennon
94%
Bob Marley
93%
Louis Armstrong
90%
The Beatles
84%
Whitney Houston
83%
Ludwig Van Beethoven
81%
Mick Jagger
73%
Bob Dylan & Joan Baez
72%
ABBA
70%
W. A. Mozart
65%
The Ramones
49%
Miles Davis
40%
Billie Holiday
35%
Pete Seeger
11%
No matching quizzes found
Score Distribution
Percent of People with Each Score
Percentile by Number Answered
Your Score History
You have not taken this quiz